Vnútroštátna a medzinárodná spolupráca zo Správy Svetovej zdravotníckej organizácie o stave zdravia vo svete 2006 (8)

Podrobná bibliografia
Médium: Článok
Jazyk:slovenčina
Fyzický popis:Fotogr.
ISSN:1335-4477
Predmet:

MARC

LEADER 00000nab a2200000 a 4500
001 vtls008853562
003 SK-MaSNL
005 20260303062235.0
008 140303c2006 xo wrzp 0 0slo
015 |a SNBRB2006/10  |2 snkbucl 
040 |a SNKBUCL  |b slo  |c SNKBUCL  |e AACR2 
041 0 |a slo 
044 |a xo  |c SK 
080 |a 613  |x (100)  |2 1997 
080 |a 614:061.1  |x (100)  |2 1997 
080 |a 061.1:614  |x (100)  |2 1997 
245 0 0 |a Vnútroštátna a medzinárodná spolupráca  |b zo Správy Svetovej zdravotníckej organizácie o stave zdravia vo svete 2006  |n (8)  |c [autor](pš) 
300 |a Fotogr. 
610 2 7 |a Svetová zdravotnícka organizácia  |x Správa o zdraví vo svete  |y 2006  |2 snkbucl  |9 1057338 
650 0 7 |a zdravie  |2 snkbucl  |9 16322 
773 0 |t Zdravotnícke noviny  |g Roč. XI, č. 30 (2006), s. 13  |x 1335-4477 
852 |a SNK  |b KIS3GCP 
958 |a ME 
958 |a SK 
999 |c 1738504  |d 1740434